000
00466nam a2200157Ia 4500
008
100122s9999 xx 000 0 und d
082
_b
74377
_a
823
100
_a
वर्टीकर अर्चना
245
_a
जळात सोडलेले दिवे
250
_a
1
260
_c
2008
300
_a
110
630
_a
जळात सोडलेले दिवे
730
_a
जळात सोडलेले दिवे
942
_c
BOOK
999
_c
390398
_d
390395